Reinventing the United Nations (Record no. 20089)
[ view plain ]
| 000 -LEADER | |
|---|---|
| fixed length control field | 00581nam a2200205Ia 4500 |
| 005 - DATE AND TIME OF LATEST TRANSACTION | |
| control field | 20231206092000.0 |
| 008 - FIXED-LENGTH DATA ELEMENTS--GENERAL INFORMATION | |
| fixed length control field | 140110s9999 xx 000 0 und d |
| 020 ## - ISBN | অাই এস বি এন | |
| ISBN | অাই এস বি এন | 9788120332829 |
| PRICE | Rs 395 |
| 040 ## - CATALOGING SOURCE | |
| Original cataloging agency | Loreto College |
| 041 ## - LANGUAGE CODE | |
| Language code | English |
| 082 ## - DDC | ডিউই | |
| Classification number | বর্গসংখ্যা | 327.06 |
| Book Number | গ্রন্থাঙ্ক | BAN |
| 100 ## - MAIN ENTRY--PERSONAL NAME | মুখ্য সংলেখ - ব্যাক্তিনাম | |
| Personal name | ব্যাক্তিনাম | Banerjee, Ajit M |
| 245 ## - TITLE STATEMENT | অাখ্যা বিবরণী | |
| Title | অাখ্যা | Reinventing the United Nations |
| Statement of responsibility | লেখকের দায়িত্বের বিবরণ | Ajit M Banerjee, Murari R Sharma |
| 260 ## - IMPRINT | প্রকাশনা ক্ষেত্র | |
| Place of publication | প্রকাশ স্থান | New Delhi |
| Name of publisher | প্রকাশকের নাম | Prentice-Hall of India Pvt Ltd |
| Date of publication | প্রকাশ কাল | 2007 |
| 300 ## - PHYSICAL DESCRIPTION | | |
| Page / Vol. No | পৃষ্ঠা / খন্ড সংখ্যা | xvi,388p |
| 650 ## - SUBJECT ADDED ENTRY--TOPICAL TERM | বিষয় শিরোনাম - মূল বিষয় | |
| Topical term | মূল বিষয় | United Nations Organization |
| 700 ## - ADDED ENTRY--PERSONAL NAME | অতিরিক্ত সংলেখ - ব্ | |
| Personal name | ব্যাক্তিনাম | Sharma, Murari R. |
| 850 ## - HOLDING INSTITUTION | |
| Holding institution | LCLIB |
| 942 ## - ADDED ENTRY ELEMENTS (KOHA) | |
| Koha item type | Books |
| Withdrawn status | Lost status | Source of classification | Damaged status | Not for loan | Home library | Current library | Date acquired | Total Checkouts | Full call number | Accession No. | Date last seen | Date checked out | Price effective from | Koha item type | Coded location qualifier |
|---|---|---|---|---|---|---|---|---|---|---|---|---|---|---|---|
| Dewey Decimal Classification | Loreto College | Loreto College | 04/11/2013 | 11 | 327.06 BAN 46441 | B21903 | 06/12/2023 | 17/03/2023 | 04/11/2013 | Books |